02120nam a22003138a 4500001001600000003000700016005001700023006001900040007001500059008004100074020002600115020002900141020003000170040002400200050002300224082001600247100003000263245013500293264005200428300005900480336002600539337002600565338003600591500007300627520098100700776003501681856007101716999001901787CR9781139096829UkCbUP20180107143416.0m|||||o||d||||||||cr||||||||||||110622s2012||||enk s ||1 0|eng|d a9781139096829 (ebook) z9781107020207 (hardback) z9781107604544 (paperback) aUkCbUPcUkCbUPerda00aJZ1305 b.H62 201200a327.1012231 aHobson, John M.,eauthor.14aThe Eurocentric Conception of World Politics :bWestern International Theory, 1760–2010 / [electronic resource]cJohn M. Hobson. 1aCambridge :bCambridge University Press,c2012. a1 online resource (408 pages) :bdigital, PDF file(s). atextbtxt2rdacontent acomputerbc2rdamedia aonline resourcebcr2rdacarrier aTitle from publisher's bibliographic system (viewed on 09 Oct 2015). aJohn Hobson claims that throughout its history most international theory has been embedded within various forms of Eurocentrism. Rather than producing value-free and universalist theories of inter-state relations, international theory instead provides provincial analyses that celebrate and defend Western civilization as the subject of, and ideal normative referent in, world politics. Hobson also provides a sympathetic critique of Edward Said's conceptions of Eurocentrism and Orientalism, revealing how Eurocentrism takes different forms, which can be imperialist or anti-imperialist, and showing how these have played out in international theory since 1760. The book thus speaks to scholars of international relations and also to all those interested in understanding Eurocentrism in the disciplines of political science/political theory, political economy/international political economy, geography, cultural and literary studies, sociology and, not least, anthropology.08iPrint version: z978110702020740uhttp://dx.doi.org/10.1017/CBO9781139096829zCambridge Books Online c236783d236783